| 000 | 00776nam a2200205 u 4500 | ||
|---|---|---|---|
| 005 | 20210223133213.0 | ||
| 008 | 170301s2013 r 000 0 eng d | ||
| 020 | _a9786074624212 | ||
| 035 | _aUPN01000216444 | ||
| 049 | _aCG | ||
| 050 | 4 |
_aF1412 _bD4.2 |
|
| 245 | 0 | 4 |
_aLas declaraciones de independencia : _blos textos fundamentales de las independencias americanas / _ccoord. Alfredo Avila. |
| 260 |
_aMéxico : _bEl Colegio de México : _bUNAM, Instituto de Investigaciones Históricas, _c2013. |
||
| 300 | _a620 p. | ||
| 651 | 4 |
_aAMERICA LATINA - _xHISTORIA - _yGUERRAS DE INDEPENDENCIA, 1806-1830 _9389 |
|
| 651 | 4 |
_aAMERICA - _xHISTORIA - _xAUTONOMIA Y MOVIMIENTOS DE INDEPENDENCIA _925803 |
|
| 700 | 1 |
_aAvila, Alfredo, _ecoord. |
|
| 905 | _aLibro | ||
| 999 |
_c188544 _d188544 |
||